| 000 | 00354nam a22001337a 4500 | ||
|---|---|---|---|
| 005 | 20171004110044.0 | ||
| 008 | 171004b xxu||||| |||| 00| 0 eng d | ||
| 040 | _cPK-LaUMT | ||
| 082 |
_aZIAC 297.05 _bHIF- |
||
| 245 |
_aHift roza Ain Lahore(Vol . 22 No. 1,2)/ _cMuzafar Baig(Editor) |
||
| 260 |
_aلاہور: _b[ ] _c1983 |
||
| 300 | _a42 ص | ||
| 942 | _cBK | ||
| 999 |
_c98790 _d98790 |
||